[Event "St Petersburg-ch U18"]
[Site "St Petersburg"]
[Date "2007.10.13"]
[Round "9"]
[White "Smirnov, Artem"]
[Black "Asaturian, Stepan"]
[Result "1-0"]
[WhiteElo "2419"]
[BlackElo "2029"]
[PlyCount "40"]
[EventDate "2007.10.05"]
[EventType "swiss"]
[EventRounds "9"]
[EventCountry "RUS"]
[SourceTitle "EXT 2009"]
[Source "ChessBase"]
[SourceDate "2008.11.26"]
[SourceVersion "1"]
[SourceVersionDate "2008.11.26"]
[SourceQuality "1"]

1. e4 c5 2. Nf3 d6 3. c3 Nf6 4. Bd3 Nc6 5. Bc2 d5 6. e5 Nd7 7. d4 e6 8. a3 Be7 9. 0-0 0-0 10. b4 cxd4 11. cxd4 b5 12. Qd3 f5 13. Qxb5 Qb6 14. Qxb6 axb6 15. b5 Nb4 16. Bb3 Nd3 17. Rd1 Nxc1 18. Rxc1 Nb8 19. a4 Bd7 20. Nbd2 Ra7 1-0

[Event "St Petersburg-ch U18"]
[Site "St Petersburg"]
[Date "2007.10.12"]
[Round "8"]
[White "Asaturian, Stepan"]
[Black "Toder, Denis"]
[Result "1/2-1/2"]
[WhiteElo "2029"]
[BlackElo "2230"]
[PlyCount "26"]
[EventDate "2007.10.05"]
[EventType "swiss"]
[EventRounds "9"]
[EventCountry "RUS"]
[SourceTitle "EXT 2009"]
[Source "ChessBase"]
[SourceDate "2008.11.26"]
[SourceVersion "1"]
[SourceVersionDate "2008.11.26"]
[SourceQuality "1"]

1. e4 e6 2. d4 d5 3. Nc3 Nf6 4. e5 Nfd7 5. Nce2 c5 6. c3 Nc6 7. f4 Be7 8. Nf3 g6 9. a3 a5 10. Be3 a4 11. g4 h5 12. Rg1 hxg4 13. Rxg4 b6 1/2-1/2

[Event "St Petersburg-ch U18"]
[Site "St Petersburg"]
[Date "2007.10.07"]
[Round "3"]
[White "Duzhakov, Ilya"]
[Black "Asaturian, Stepan"]
[Result "1-0"]
[WhiteElo "2118"]
[BlackElo "2029"]
[PlyCount "40"]
[EventDate "2007.10.05"]
[EventType "swiss"]
[EventRounds "9"]
[EventCountry "RUS"]
[SourceTitle "EXT 2009"]
[Source "ChessBase"]
[SourceDate "2008.11.26"]
[SourceVersion "1"]
[SourceVersionDate "2008.11.26"]
[SourceQuality "1"]

1. d4 Nf6 2. c4 g6 3. Nc3 Bg7 4. e4 d6 5. f3 0-0 6. Be3 c5 7. Nge2 Qa5 8. Qd2 a6 9. Nc1 cxd4 10. Bxd4 Nc6 11. Nb3 Qc7 12. Nd5 Nxd5 13. Bxg7 Kxg7 14. cxd5 Ne5 15. Qd4 Kg8 16. Rc1 Qd8 17. Be2 f5 18. f4 Nf7 19. e5 e6 20. 0-0 dxe5 1-0

[Event "St Petersburg-ch U18"]
[Site "St Petersburg"]
[Date "2006.12.10"]
[Round "5"]
[White "Asaturian, Stepan"]
[Black "Pen, Pyotr"]
[Result "1/2-1/2"]
[WhiteElo "2053"]
[BlackElo "2014"]
[PlyCount "96"]
[EventDate "2006.11.12"]
[EventType "swiss"]
[EventRounds "7"]
[EventCountry "RUS"]
[SourceTitle "EXT 2019"]
[Source "ChessBase"]
[SourceDate "2018.10.10"]
[SourceVersion "1"]
[SourceVersionDate "2018.10.10"]
[SourceQuality "1"]

1. e4 c5 2. Nf3 d6 3. d4 cxd4 4. Qxd4 Nc6 5. Bb5 Bd7 6. Bxc6 Bxc6 7. Nc3 e5 8. Qd3 Nf6 9. Bg5 Be7 10. 0-0-0 Qc7 11. Bxf6 gxf6 12. Nh4 0-0-0 13. Nd5 Bxd5 14. Qxd5 Kb8 15. Nf5 Bf8 16. Rd3 Rg8 17. g3 Rg5 18. Rc3 Qd7 19. Kb1 Qe6 20. Rd1 Rd7 21. Ne3 Be7 22. Qa5 Bd8 23. Qa4 Bb6 24. Qb5 Bxe3 25. Rxe3 Rg8 26. Red3 Rc8 27. Rd5 Rc6 28. Qd3 h6 29. f4 Qh3 30. Qd2 Qh5 31. f5 Qf3 32. Qb4 h5 33. b3 Kc7 34. R5d3 Qe2 35. R3d2 Qe3 36. Qa5+ Kb8 37. Qd5 Qc3 38. Qd3 Qb4 39. c4 a5 40. Kb2 Qc5 41. Qe2 a4 42. Rd5 Qa7 43. Qd2 axb3 44. Ra5 Qb6 45. Rb5 Qa7 46. Ra5 Qb6 47. Rb5 Qa7 48. Ra5 Qb6 1/2-1/2